02446cam a22002775a 45000010009000000050017000090080041000260200022000670200026000890400029001150820022001442450070001662500012002362600052002483000033003005040052003335051444003856500029018296510010018586530037018687000035019057000030019409420022019709990017019929520159020091660382020201128021519.0110107t2012 caua frb 001 0 eng d a1412980208 (pbk.) a9781412980203 (pbk.)  aDLCcDLCdEG-ScBUE beng04a658.4092222bNAT04aThe nature of leadership /ceditors David V. Day, John Antonakis. a2nd ed. aCalifornia :bSAGE Publications, Inc.,cc.2012. aix, 597 p. :bill. ;c26 cm. aIncludes bibliographical reference and indexes.0 aLeadership : past, present, and future / David V. Day & John Antonakis -- Leadership : science, nature, and nurture -- Aggregation processes and levels of analysis as organizing structures for leadership theory / Robert G. Lord & Jessica E. Dinh -- Advances in leadership research methods / Michael J. Zyphur, Adam P. Barsky, & Zhen Zhang -- The nature of leadership development / David V. Day -- The nature in leadership : evolutionary, biological, and social neuroscience perspectives / Mark Van Vugt -- The major schools of leadership -- Individual differences in leadership / Timothy A. Judge & David M. Long -- Contingencies, context, situation, and leadership / Roya Ayman & Susan Adams -- Transformational and charismatic leadership / John Antonakis -- The nature of relational leadership : a multi-theoretical lens on leadership relationships and processes / Mary Uhl-Bien, John Maslyn, & Sonia Ospina -- In the minds of followers : follower-centric approaches to leadership / Douglas J. Brown -- The nature of shared leadership / Christina L. Wassenaar & Craig L. Pearce -- Leadership and special domains -- Leadership and culture / Deanne N. Den Hartog & Marcus W. Dickson -- Leadership and gender / Linda L. Carli & Alice H. Eagly -- Leadership and identity / Daan van Knippenberg -- Ethics effectiveness : the nature of good leadership / Joanne B. Ciulla -- Conclusions -- The crucibles of authentic leadership / Warren Bennis. 7aLeadership.2BUEsh91000 2BUEsh bBUSADMcAugust2015cDecember20151 aDay, David V.,d1956-eeditor.1 aAntonakis, John.eeditor. 2ddck658.4092 NAT c20612d20584 00102ddc40708BaccahaMAINbMAINc1STd2015-08-19ePurchaseg600.00h21758l3m18o658.4092 NATp000030710r2025-07-15 00:00:00s2019-11-04v750.00yBB